| 000 | 02300cam a22004097a 4500 | ||
|---|---|---|---|
| 999 |
_c145 _d145 |
||
| 001 | 18025708 | ||
| 003 | OSt | ||
| 005 | 20190729091248.0 | ||
| 008 | 140131s2013 onca d 000 1 eng d | ||
| 010 | _a 2013404181 | ||
| 020 | _a9780373210718 (pbk.) | ||
| 020 | _a037321071X (pbk.) | ||
| 035 | _a(OCoLC)ocn813924032 | ||
| 040 |
_aBTCTA _beng _cBTCTA _dBDX _dDLC |
||
| 042 | _alccopycat | ||
| 043 | _aa-ja--- | ||
| 082 | 0 | 4 |
_aFIC SUN _223 |
| 100 | 1 |
_aSun, Amanda. _eauthor |
|
| 245 | 1 | 0 |
_aInk / _cAmanda Sun. |
| 260 |
_aDon Mills, Ont. : _bHarlequin Teen, _cc2013. |
||
| 300 |
_a369 p. : _bill. ; _c21 cm. |
||
| 490 | 1 | _aThe Paper Gods series. | |
| 500 | _aIncludes discussion questions, interview with author, and excerpt from next volume in the series. | ||
| 520 | _a"Ink is in their blood. On the heels of a family tragedy, Katie Greene must move halfway across the world. Stuck with her aunt in Shizuoka, Japan, Katie feels lost. Alone. She doesn't know the language, she can barely hold a pair of chopsticks and she can't seem to get the hang of taking her shoes off whenever she enters a building. When Katie meets aloof but gorgeous Tomohiro, the star of the school's kendo team, she is intrigued by him...and a little scared. His tough attitude seems meant to keep her at a distance, and when they're near each other, strange things happen. Pens explode. Ink drips from nowhere. And unless Katie is seeing things, drawings come to life. Somehow Tomo is connected to the kami, powerful ancient beings who once ruled Japan--and as feelings develop between Katie and Tomo, things begin to spiral out of control. The wrong people are starting to ask questions, and if they discover the truth, no one will be safe."--Cover, P.[2] | ||
| 650 | 0 |
_aTeenage girls _vJuvenile fiction. |
|
| 650 | 0 |
_aAmericans _zJapan _vJuvenile fiction. |
|
| 650 | 1 |
_aTeenage girls _vFiction. |
|
| 650 | 1 |
_aAmericans _zJapan _vFiction. |
|
| 651 | 0 |
_aJapan _vJuvenile fiction. |
|
| 651 | 1 |
_aJapan _vFiction. |
|
| 655 | 0 | _aYoung adult fiction. | |
| 655 | 0 | _aParanormal fiction. | |
| 800 | 1 |
_aSun, Amanda. _tPaper Gods series. |
|
| 906 |
_a7 _bcbc _ccopycat _d2 _encip _f20 _gy-gencatlg |
||
| 942 |
_2ddc _cFIC |
||